[Event "XXVI Ogolnopolska Olimpiada Mlodziezy"]
[Site "Pulawy"]
[Date "2020.10.06"]
[Round "3.10"]
[White "Kejna, Piotr"]
[Black "Zdybel, Przemyslaw"]
[Result "0-1"]
[WhiteElo "1772"]
[BlackElo "1938"]
[PlyCount "72"]
[EventDate "2020.10.04"]
[EventType "swiss"]
[Tiebreak "Sum of Buchholz+Median1 Buchholz+Sonneborn-Berger (Swiss)"]

1. e4 c5 2. Nf3 d6 3. d4 cxd4 4. Nxd4 Nf6 5. Nc3 a6 6. Bg5 e6 7. f4 Be7 8. Qe2
Qc7 9. O-O-O Nbd7 10. g4 b5 11. a3 Bb7 12. Bg2 Rc8 13. Bxf6 Nxf6 14. g5 Nd7 15.
Qh5 g6 16. Qg4 Nb6 17. f5 e5 18. Nb3 d5 19. fxg6 d4 20. gxf7+ Kf8 21. Rxd4 exd4
22. Nxd4 Qe5 23. Ne6+ Kxf7 24. Bh3 Bxa3 25. Qh5+ Ke7 26. Rf1 Rxc3 27. Qf7+ Kd6
28. Rd1+ Bd5 29. exd5 Rhc8 30. Nd4 Rxc2+ 31. Kb1 Rxb2+ 32. Ka1 Rcc2 33. Qf8+
Kc7 34. Qxa3 Ra2+ 35. Qxa2 Rxa2+ 36. Kxa2 Qxh2+ 0-1

[Event "XXVI Ogolnopolska Olimpiada Mlodziezy"]
[Site "Pulawy"]
[Date "2020.10.06"]
[Round "3.10"]
[White "Laszczuk, Marcelina"]
[Black "Salamon, Julia"]
[Result "0-1"]
[WhiteElo "1104"]
[BlackElo "1551"]
[PlyCount "112"]
[EventDate "2020.10.04"]
[EventType "swiss"]
[Tiebreak "Sum of Buchholz+Median1 Buchholz+Sonneborn-Berger (Swiss)"]

1. e4 c5 2. Nf3 e6 3. d4 cxd4 4. Nxd4 Nf6 5. Nc3 Nc6 6. a3 d6 7. Be3 Be7 8. Be2
a6 9. O-O O-O 10. Nb3 Qc7 11. f4 b5 12. Bf3 Bb7 13. Qe2 Rac8 14. Rad1 Rcd8 15.
Kh1 Rd7 16. Rd2 Rc8 17. Rfd1 Qd8 18. h3 Qc7 19. Qf2 Bd8 20. Kh2 h6 21. Kh1 e5
22. f5 Rb8 23. Qg3 Kh7 24. Qf2 Ba8 25. Qe2 Be7 26. Kh2 Na5 27. Nxa5 Qxa5 28.
Qf2 b4 29. axb4 Qxb4 30. Rb1 Nxe4 31. Bxe4 Bxe4 32. Nxe4 Qxe4 33. Rd3 Rdb7 34.
b3 Qc6 35. Rc1 d5 36. Qe1 d4 37. Bg1 Ba3 38. Rcd1 Bd6 39. Kh1 Qxc2 40. R1d2 Qc6
41. Rb2 Qd5 42. Qe2 a5 43. Qc2 f6 44. Ra2 Rb4 45. Qd2 R8b5 46. Ra4 Rxa4 47.
bxa4 Rb4 48. Rc3 Rxa4 49. Qd1 Ra2 50. Rg3 Qf7 51. Rg6 Rb2 52. Qg4 a4 53. Qd1 a3
54. Qc1 Rb7 55. Rg3 a2 56. Qa1 Rb1 0-1

[Event "XXVI Ogolnopolska Olimpiada Mlodziezy"]
[Site "Pulawy"]
[Date "2020.10.06"]
[Round "3.10"]
[White "Mroz, Lena"]
[Black "Szczotka, Matylda"]
[Result "1-0"]
[WhiteElo "1623"]
[BlackElo "1306"]
[PlyCount "107"]
[EventDate "2020.10.04"]
[EventType "swiss"]
[Tiebreak "Sum of Buchholz+Median1 Buchholz+Sonneborn-Berger (Swiss)"]

1. e4 e5 2. Nf3 Nc6 3. Bb5 a6 4. Ba4 Nf6 5. O-O Be7 6. Re1 b5 7. Bb3 d6 8. c3
O-O 9. h3 Nb8 10. d4 Nbd7 11. Nbd2 Bb7 12. Bc2 Re8 13. Nf1 Bf8 14. Ng3 g6 15.
a4 Bg7 16. Bd3 c6 17. Bd2 Qb6 18. dxe5 dxe5 19. Qe2 Rab8 20. Be3 Qc7 21. c4
bxa4 22. c5 Bf8 23. Rec1 Bc8 24. Rxa4 a5 25. Qd2 Qb7 26. Rc2 Ra8 27. Rxa5 Rxa5
28. Qxa5 Nb8 29. b4 Bd7 30. Bd2 Bc8 31. Qa1 Qd7 32. Bc4 Qc7 33. Bc3 Nfd7 34.
Ng5 Re7 35. Qa2 Nf6 36. Qb3 Bh6 37. Bd2 Bg7 38. Ra2 h6 39. Nf3 Be6 40. Bxe6
Rxe6 41. Be3 Qb7 42. Qc4 Ne8 43. Ne2 Nc7 44. Nc3 Nba6 45. Rb2 Re8 46. b5 cxb5
47. Nxb5 Nxb5 48. Rxb5 Qc7 49. Nd2 Rc8 50. Qd5 Rd8 51. Qb3 Bf8 52. Rb7 Qc8 53.
Qxf7+ Kh8 54. Qh7# 1-0

[Event "XXVI Ogolnopolska Olimpiada Mlodziezy"]
[Site "Pulawy"]
[Date "2020.10.06"]
[Round "3.10"]
[White "Musin, Pawel"]
[Black "Raczek, Krzysztof"]
[Result "0-1"]
[WhiteElo "1372"]
[BlackElo "1782"]
[PlyCount "66"]
[EventDate "2020.10.04"]
[EventType "swiss"]
[Tiebreak "Sum of Buchholz+Median1 Buchholz+Sonneborn-Berger (Swiss)"]

1. d4 Nf6 2. c4 g6 3. Nc3 Bg7 4. e4 d6 5. Nf3 O-O 6. h3 c5 7. d5 e6 8. Be3 exd5
9. exd5 Re8 10. Bd3 a6 11. O-O Nbd7 12. Qc2 Nh5 13. Rfe1 f5 14. Bg5 Nhf6 15.
Rxe8+ Qxe8 16. Re1 Ne5 17. Nxe5 dxe5 18. Na4 Nd7 19. Be3 Qf8 20. f3 Qd6 21. Bf2
Rb8 22. b3 Bf8 23. Nc3 Qf6 24. Bf1 Bd6 25. Qd3 b6 26. Na4 e4 27. fxe4 Ne5 28.
Qc2 f4 29. Be2 f3 30. Bf1 fxg2 31. Bxg2 Qg5 32. Be3 Nf3+ 33. Kh1 Nxe1 0-1

[Event "XXVI Ogolnopolska Olimpiada Mlodziezy"]
[Site "Pulawy"]
[Date "2020.10.06"]
[Round "3.11"]
[White "Bancarewicz, Aleks"]
[Black "Starosciak, Szymon"]
[Result "1-0"]
[WhiteElo "1757"]
[BlackElo "1926"]
[PlyCount "71"]
[EventDate "2020.10.04"]
[EventType "swiss"]
[Tiebreak "Sum of Buchholz+Median1 Buchholz+Sonneborn-Berger (Swiss)"]

1. e4 c5 2. Nf3 Nc6 3. d4 cxd4 4. Nxd4 Nf6 5. Nc3 d6 6. Bg5 e6 7. Qd2 a6 8.
O-O-O Bd7 9. f4 Be7 10. Qe1 Qc7 11. Nxc6 Bxc6 12. Bxf6 gxf6 13. Rd3 b5 14. Re3
b4 15. Ne2 b3 16. axb3 a5 17. Nc3 Qd7 18. Kb1 Bd8 19. Bc4 a4 20. bxa4 Bxa4 21.
Nxa4 Rxa4 22. Qe2 Ra5 23. Ra3 Ke7 24. Rxa5 Bxa5 25. f5 h5 26. fxe6 fxe6 27. Rf1
Bb6 28. Rf3 Rg8 29. Rh3 Qa4 30. Rxh5 Rg7 31. Rh8 Bd4 32. Bb5 Qb4 33. Re8+ Kf7
34. Qh5+ Rg6 35. Qh7+ Rg7 36. Re7+ 1-0

[Event "XXVI Ogolnopolska Olimpiada Mlodziezy"]
[Site "Pulawy"]
[Date "2020.10.06"]
[Round "3.11"]
[White "Bartodziej, Bartosz"]
[Black "Bartoszczuk, Adam"]
[Result "1-0"]
[WhiteElo "1775"]
[BlackElo "1439"]
[PlyCount "65"]
[EventDate "2020.10.04"]
[EventType "swiss"]
[Tiebreak "Sum of Buchholz+Median1 Buchholz+Sonneborn-Berger (Swiss)"]

1. e4 e5 2. Nf3 Nc6 3. Bc4 Bc5 4. c3 Nf6 5. d3 d6 6. Nbd2 O-O 7. Bb3 Be6 8. h3
d5 9. exd5 Nxd5 10. Ne4 Bb6 11. O-O Re8 12. Nfg5 h6 13. Nxe6 fxe6 14. Qg4 Kh7
15. Bc2 Nf6 16. Qh4 Nd5 17. Qg3 Kh8 18. Qg6 Re7 19. Qg3 Qf8 20. Be3 Nf4 21.
Rae1 Rd7 22. d4 g5 23. dxe5 Nxe5 24. Bxb6 axb6 25. Nxg5 hxg5 26. Rxe5 Qf6 27.
Qe3 Rd6 28. Qe4 Qe7 29. g3 Nd5 30. Rxg5 Nf6 31. Qh4+ Nh7 32. Bxh7 Qxh7 33. Rh5
1-0

[Event "XXVI Ogolnopolska Olimpiada Mlodziezy"]
[Site "Pulawy"]
[Date "2020.10.06"]
[Round "3.11"]
[White "Janikowska, Wiktoria"]
[Black "Lajdamik, Anna"]
[Result "1-0"]
[WhiteElo "1580"]
[BlackElo "1292"]
[PlyCount "55"]
[EventDate "2020.10.04"]
[EventType "swiss"]
[Tiebreak "Sum of Buchholz+Median1 Buchholz+Sonneborn-Berger (Swiss)"]

1. e4 c6 2. d4 d5 3. Nc3 dxe4 4. Nxe4 Nf6 5. Nxf6+ gxf6 6. Nf3 Bf5 7. Be3 Nd7
8. Qd2 e5 9. O-O-O Qc7 10. Qc3 O-O-O 11. Bc4 Nb6 12. Bb3 Bd6 13. dxe5 fxe5 14.
Bg5 Rde8 15. Bf6 Rhg8 16. Rhe1 e4 17. Nh4 Bg6 18. g3 Be5 19. Bxe5 Rxe5 20. Nxg6
hxg6 21. Bxf7 Rg7 22. Bb3 Qe7 23. f4 Rc5 24. Qd4 a5 25. Rxe4 Qf8 26. Rde1 Kc7
27. Re8 Qf5 28. Qd8# 1-0

[Event "XXVI Ogolnopolska Olimpiada Mlodziezy"]
[Site "Pulawy"]
[Date "2020.10.06"]
[Round "3.11"]
[White "Ziobrowska, Maja"]
[Black "Kicinska, Anna"]
[Result "1-0"]
[WhiteElo "1483"]
[BlackElo "1170"]
[PlyCount "41"]
[EventDate "2020.10.04"]
[EventType "swiss"]
[Tiebreak "Sum of Buchholz+Median1 Buchholz+Sonneborn-Berger (Swiss)"]

1. e4 d5 2. exd5 Qxd5 3. Nc3 Qa5 4. d4 Nf6 5. Nf3 Bf5 6. Bc4 c6 7. Bd2 Qc7 8.
Ne5 e6 9. g4 Be4 10. Nxe4 Nxe4 11. Be3 Bd6 12. f3 Nf6 13. Qd2 Bxe5 14. dxe5
Qxe5 15. O-O-O O-O 16. Bf4 Qc5 17. Bd6 Qxc4 18. Bxf8 Kxf8 19. Qd6+ Kg8 20. Qd8+
Ne8 21. Qxe8# 1-0

[Event "XXVI Ogolnopolska Olimpiada Mlodziezy"]
[Site "Pulawy"]
[Date "2020.10.06"]
[Round "3.12"]
[White "Egeman, Emilia"]
[Black "Peksa, Zuzanna"]
[Result "1-0"]
[WhiteElo "1534"]
[BlackElo "1267"]
[PlyCount "153"]
[EventDate "2020.10.04"]
[EventType "swiss"]
[Tiebreak "Sum of Buchholz+Median1 Buchholz+Sonneborn-Berger (Swiss)"]

1. e4 e5 2. Nf3 Nc6 3. Bc4 Bc5 4. c3 Nf6 5. d3 O-O 6. O-O d5 7. exd5 Nxd5 8.
Re1 Re8 9. d4 Bb6 10. dxe5 Be6 11. Ng5 h6 12. Nxe6 fxe6 13. Qg4 Kh8 14. Qg3 Rf8
15. Rf1 Nde7 16. Nd2 Nf5 17. Qh3 Nxe5 18. Bxe6 Qf6 19. Bxf5 Qxf5 20. Qxf5 Rxf5
21. Ne4 Raf8 22. Be3 Nd3 23. Bxb6 axb6 24. b3 Rf4 25. f3 R8f7 26. Rfd1 Ne5 27.
Rd8+ Kh7 28. Rb8 c5 29. Rd1 Rc7 30. Rd6 b5 31. Rb6 Rff7 32. Rxb5 Nd3 33. Rd8
Nf4 34. Kf2 Rf5 35. Rb8 Nd3+ 36. Ke3 Nc1 37. R5xb7 Rxb7 38. Rxb7 Nxa2 39. Kd2
Re5 40. Kc2 c4 41. b4 Re6 42. Ra7 Nxb4+ 43. cxb4 Rg6 44. g3 Rc6 45. Kc3 Kg6 46.
Ra5 Rc7 47. Rc5 Rxc5 48. bxc5 Kf7 49. Kxc4 Ke7 50. Kd5 Kd7 51. c6+ Kc7 52. f4
Kc8 53. Kd6 Kd8 54. c7+ Kc8 55. Nd2 g6 56. Nc4 g5 57. Nb6+ Kb7 58. c8=Q+ Kxb6
59. fxg5 hxg5 60. Qd8+ Kb7 61. Qxg5 Kb8 62. h4 Kc8 63. h5 Kb8 64. h6 Kc8 65. h7
Kb8 66. h8=R+ Kb7 67. Qe7+ Kb6 68. g4 Kb5 69. g5 Kb6 70. g6 Kb5 71. g7 Kb4 72.
g8=R Kb5 73. Rb8+ Kc4 74. Qe4+ Kc3 75. Rh3+ Kd2 76. Rb2+ Kc1 77. Qc2# 1-0

[Event "XXVI Ogolnopolska Olimpiada Mlodziezy"]
[Site "Pulawy"]
[Date "2020.10.06"]
[Round "3.12"]
[White "Musial, Igor"]
[Black "Duda, Leon"]
[Result "1-0"]
[WhiteElo "1722"]
[BlackElo "1388"]
[PlyCount "55"]
[EventDate "2020.10.04"]
[EventType "swiss"]
[Tiebreak "Sum of Buchholz+Median1 Buchholz+Sonneborn-Berger (Swiss)"]

1. e4 g6 2. d4 Bg7 3. Nc3 a6 4. a4 d6 5. Nf3 Nd7 6. Be3 b6 7. Bd3 Bb7 8. O-O e6
9. Qd2 Ne7 10. Bh6 O-O 11. Rad1 c5 12. Bxg7 Kxg7 13. dxc5 Nxc5 14. Bc4 Kg8 15.
Qh6 Nxe4 16. Nxe4 Nf5 17. Qf4 e5 18. Nxe5 dxe5 19. Qxe5 Qb8 20. Nf6+ Kg7 21.
Qc3 Kh6 22. Ng4+ Kh5 23. Qh3+ Nh4 24. Nf6+ Kg5 25. Nxh7+ Kh6 26. Qxh4+ Kg7 27.
Qf6+ Kxh7 28. Rd4 1-0

[Event "XXVI Ogolnopolska Olimpiada Mlodziezy"]
[Site "Pulawy"]
[Date "2020.10.06"]
[Round "3.12"]
[White "Pietryk, Joanna"]
[Black "Kawa, Anna"]
[Result "1/2-1/2"]
[WhiteElo "1387"]
[BlackElo "1152"]
[PlyCount "104"]
[EventDate "2020.10.04"]
[EventType "swiss"]
[Tiebreak "Sum of Buchholz+Median1 Buchholz+Sonneborn-Berger (Swiss)"]

1. e4 g6 2. d4 Bg7 3. Nc3 c6 4. f4 d5 5. e5 Nh6 6. Be3 Bg4 7. Nf3 Nf5 8. Bf2
Bxf3 9. Qxf3 Qb6 10. O-O-O h5 11. Bd3 Nh6 12. h3 e6 13. g4 hxg4 14. hxg4 Nd7
15. Bh4 c5 16. Nb5 Bf8 17. Bg5 c4 18. Bxh6 Qxb5 19. Bxf8 Rxf8 20. Be2 Nb6 21.
Rh7 Rc8 22. Rdh1 Qa5 23. Qa3 Qxa3 24. bxa3 Na4 25. R1h3 Rc6 26. c3 b5 27. Kc2
a5 28. Rh1 Ke7 29. Rb1 Rb8 30. Bf3 Rcb6 31. f5 gxf5 32. gxf5 Rg8 33. fxe6 Kxe6
34. Rh6+ Rg6 35. Bg4+ Ke7 36. Rxg6 Rxg6 37. Bf3 Rg3 38. Rf1 Rh3 39. Bxd5 Rxc3+
40. Kb1 Rxa3 41. Rxf7+ Ke8 42. e6 Re3 43. Bc6+ Kd8 44. d5 Nc3+ 45. Kb2 b4 46.
Rf8+ Kc7 47. Rf7+ Kd8 48. Rd7+ Kc8 49. e7 Re2+ 50. Kc1 Nxa2+ 51. Kd1 Nc3+ 52.
Kc1 Na2+ 1/2-1/2

[Event "XXVI Ogolnopolska Olimpiada Mlodziezy"]
[Site "Pulawy"]
[Date "2020.10.06"]
[Round "3.12"]
[White "Wojdak, Jan"]
[Black "Jeda, Maciej"]
[Result "0-1"]
[WhiteElo "1910"]
[BlackElo "1768"]
[PlyCount "110"]
[EventDate "2020.10.04"]
[EventType "swiss"]
[Tiebreak "Sum of Buchholz+Median1 Buchholz+Sonneborn-Berger (Swiss)"]

1. e4 c5 2. Nf3 d6 3. d4 cxd4 4. Nxd4 Nf6 5. Nc3 g6 6. Be3 Bg7 7. f3 O-O 8. Qd2
Nc6 9. O-O-O d5 10. Qe1 e5 11. Nxc6 bxc6 12. exd5 Nxd5 13. Bc4 Be6 14. Ne4 Qc7
15. Bc5 Rfd8 16. Qh4 h6 17. g4 Nf4 18. Bxe6 Nxe6 19. Be3 Nf4 20. Rxd8+ Rxd8 21.
Qf2 Nd5 22. Bd2 Rb8 23. b3 f5 24. gxf5 gxf5 25. Rg1 Kh7 26. Nc5 Qf7 27. Qg3 Rg8
28. Kb1 Nf4 29. Qe1 Qd5 30. Be3 Qxf3 31. Rg3 Qd5 32. Qf1 Rf8 33. Qg1 Rf7 34.
Bxf4 exf4 35. Rd3 Qe5 36. c3 Re7 37. Kb2 f3 38. Ka3 Bf8 39. b4 Rg7 40. Qf2 a5
41. Kb3 Bxc5 42. Qxc5 Qe6+ 43. Ka3 axb4+ 44. cxb4 Rg2 45. Rb3 f2 46. Qa7+ Kg6
47. Qa6 Rg1 48. Rf3 Ra1 49. Kb2 Rxa2+ 50. Qxa2 Qe2+ 51. Ka1 Qd1+ 52. Kb2 Qe2+
53. Ka3 Qxf3+ 54. Ka4 Qd1+ 55. Ka5 Qd8+ 0-1

[Event "XXVI Ogolnopolska Olimpiada Mlodziezy"]
[Site "Pulawy"]
[Date "2020.10.06"]
[Round "3.13"]
[White "Jaros, Emilia"]
[Black "Prawucka, Zofia"]
[Result "1-0"]
[WhiteElo "1295"]
[BlackElo "1137"]
[PlyCount "33"]
[EventDate "2020.10.04"]
[EventType "swiss"]
[Tiebreak "Sum of Buchholz+Median1 Buchholz+Sonneborn-Berger (Swiss)"]

1. e4 c6 2. d4 d5 3. exd5 cxd5 4. Bd3 Nf6 5. h3 Nc6 6. c3 e6 7. Nf3 Bd6 8. O-O
O-O 9. Re1 h6 10. Ne5 Bxe5 11. dxe5 Nd7 12. Qh5 f6 13. Bxh6 Qe8 14. Bg6 Qe7 15.
Bf4 Rd8 16. Qh7+ Kf8 17. Qh8# 1-0

[Event "XXVI Ogolnopolska Olimpiada Mlodziezy"]
[Site "Pulawy"]
[Date "2020.10.06"]
[Round "3.13"]
[White "Karwot, Marek"]
[Black "Liskiewicz, Jakub"]
[Result "1/2-1/2"]
[WhiteElo "1362"]
[BlackElo "1622"]
[PlyCount "71"]
[EventDate "2020.10.04"]
[EventType "swiss"]
[Tiebreak "Sum of Buchholz+Median1 Buchholz+Sonneborn-Berger (Swiss)"]

1. e4 c5 2. Nf3 Nc6 3. Bb5 g6 4. Bxc6 bxc6 5. O-O Bg7 6. Re1 Nf6 7. e5 Nd5 8.
c4 Nb6 9. b3 O-O 10. d4 cxd4 11. Qxd4 d6 12. Qe4 Qc7 13. Bb2 Bf5 14. Qe3 Qb8
15. Nc3 Nxc4 16. bxc4 Qxb2 17. Nd4 Bd7 18. Rab1 Qa3 19. Nd5 Qxe3 20. Nxe7+ Kh8
21. Rxe3 c5 22. Nf3 dxe5 23. Nxe5 Be6 24. N7c6 f6 25. Nxg6+ hxg6 26. Rxe6 Rfe8
27. Rbe1 Rxe6 28. Rxe6 Kg8 29. Kf1 a6 30. Ke2 Kf7 31. Re7+ Kf8 32. Ke3 Rc8 33.
Re6 Kf7 34. Re7+ Kf8 35. Re6 Kf7 36. Na7 1/2-1/2

[Event "XXVI Ogolnopolska Olimpiada Mlodziezy"]
[Site "Pulawy"]
[Date "2020.10.06"]
[Round "3.13"]
[White "Rog, Bartlomiej"]
[Black "Kutowski, Marcel"]
[Result "1-0"]
[WhiteElo "1906"]
[BlackElo "1712"]
[PlyCount "103"]
[EventDate "2020.10.04"]
[EventType "swiss"]
[Tiebreak "Sum of Buchholz+Median1 Buchholz+Sonneborn-Berger (Swiss)"]

1. e4 c6 2. d4 d5 3. Nc3 dxe4 4. Nxe4 Bf5 5. Ng3 Bg6 6. Bc4 e6 7. N1e2 Nf6 8.
O-O Bd6 9. f4 Bf5 10. Nxf5 exf5 11. Ng3 g6 12. Re1+ Kf8 13. Qf3 Nbd7 14. Qb3
Qc7 15. Bxf7 Nc5 16. dxc5 Bxc5+ 17. Be3 Bxe3+ 18. Qxe3 Kxf7 19. Qe6+ Kg7 20.
Qe7+ Qxe7 21. Rxe7+ Kh6 22. Rxb7 Rab8 23. Rc7 Rxb2 24. Rxc6 Rf8 25. a3 Nd5 26.
Rd1 Rf6 27. Rc5 Nxf4 28. Rd7 Ne6 29. Rc6 Rb6 30. Rxb6 axb6 31. Rd6 b5 32. Rb6
Kg7 33. Ne2 Nc7 34. Rb7 Rf7 35. Nd4 Kf6 36. Kf2 Re7 37. Nxb5 Nxb5 38. Rxb5 Rc7
39. Rb2 Ke5 40. Ke2 Rc3 41. Ra2 Kd4 42. a4 Rc6 43. a5 Ra6 44. Kd2 Kc4 45. Kc1
Kb4 46. Kb2 g5 47. c3+ Kb5 48. Kb3 Rxa5 49. Rxa5+ Kxa5 50. Kc4 f4 51. Kd5 Kb5
52. h3 1-0

[Event "XXVI Ogolnopolska Olimpiada Mlodziezy"]
[Site "Pulawy"]
[Date "2020.10.06"]
[Round "3.13"]
[White "Romejko, Jagoda"]
[Black "Uliasz, Katarzyna"]
[Result "0-1"]
[WhiteElo "1257"]
[BlackElo "1495"]
[PlyCount "124"]
[EventDate "2020.10.04"]
[EventType "swiss"]
[Tiebreak "Sum of Buchholz+Median1 Buchholz+Sonneborn-Berger (Swiss)"]

1. e4 c5 2. Nf3 d6 3. d4 cxd4 4. Nxd4 Nf6 5. Nc3 g6 6. Be2 Bg7 7. Be3 O-O 8.
O-O Nc6 9. Nxc6 bxc6 10. Qd2 Be6 11. a3 Qc7 12. Rad1 Rab8 13. b4 Rfd8 14. Bf3
Ng4 15. Bxg4 Bxg4 16. f3 Be6 17. Kh1 Bc4 18. Rfe1 d5 19. exd5 cxd5 20. Bf4 e5
21. Bg3 f5 22. Na4 f4 23. Bh4 Rd6 24. Nc5 h6 25. Bf2 Rbd8 26. Bg1 Bf6 27. Bf2
Qg7 28. Kg1 g5 29. c3 h5 30. Kh1 e4 31. Bd4 e3 32. Qc2 Bxd4 33. Rxd4 Rf8 34.
Qd1 Rg6 35. Qc2 g4 36. Nd7 Re8 37. Rxf4 gxf3 38. Rxf3 e2 39. Rf2 Rd6 40. Nc5
Rf6 41. Rf3 Ref8 42. Rxe2 Bxe2 43. Qxe2 Rxf3 44. gxf3 Qf7 45. Kg2 Re8 46. Qd2
Qf5 47. a4 Re7 48. Kf2 h4 49. Nd3 h3 50. a5 Rg7 51. Ne1 Qe5 52. Kf1 a6 53. Qd4
Qe6 54. Qd2 Qd6 55. c4 d4 56. b5 axb5 57. cxb5 Qc5 58. Qd3 Qe5 59. Qc4+ Kh7 60.
Qe2 Rg1+ 61. Kxg1 Qxe2 62. Nc2 Qg2# 0-1

[Event "XXVI Ogolnopolska Olimpiada Mlodziezy"]
[Site "Pulawy"]
[Date "2020.10.06"]
[Round "3.14"]
[White "Karp, Kacper"]
[Black "Zmuda, Tomasz"]
[Result "1-0"]
[WhiteElo "1562"]
[BlackElo "1309"]
[PlyCount "58"]
[EventDate "2020.10.04"]
[EventType "swiss"]
[Tiebreak "Sum of Buchholz+Median1 Buchholz+Sonneborn-Berger (Swiss)"]

1. e4 c5 2. Nf3 d6 3. d4 cxd4 4. Nxd4 Nf6 5. Nc3 a6 6. Be3 e6 7. f3 b5 8. Qd2
Nbd7 9. O-O-O Bb7 10. g4 Nb6 11. Qf2 Nfd7 12. Nb3 b4 13. Ne2 Nc4 14. Bf4 Ndb6
15. e5 d5 16. Ned4 Bc5 17. Nxc5 Qc7 18. Nxb7 Qxb7 19. Bxc4 Nxc4 20. Nb3 a5 21.
Nd2 Rc8 22. Nxc4 dxc4 23. Rd6 b3 24. axb3 cxb3 25. c3 a4 26. Rb6 Qd5 27. Rd1
Qc4 28. Qd4 Qe2 29. Qd7+ Kf8 1-0

[Event "XXVI Ogolnopolska Olimpiada Mlodziezy"]
[Site "Pulawy"]
[Date "2020.10.06"]
[Round "3.14"]
[White "Paszkowski, Krystian"]
[Black "Jarocki, Gabriel"]
[Result "1/2-1/2"]
[WhiteElo "1889"]
[BlackElo "1510"]
[PlyCount "95"]
[EventDate "2020.10.04"]
[EventType "swiss"]
[Tiebreak "Sum of Buchholz+Median1 Buchholz+Sonneborn-Berger (Swiss)"]

1. c4 Nf6 2. g3 g6 3. Bg2 Bg7 4. Nc3 O-O 5. e4 d6 6. Nge2 e5 7. O-O Nbd7 8. d3
Nc5 9. h3 a5 10. Be3 b6 11. d4 Ne6 12. f4 Bb7 13. fxe5 dxe5 14. d5 Nc5 15. Bxc5
bxc5 16. Nc1 Nd7 17. Nd3 Qe7 18. Qe2 c6 19. Rae1 Rae8 20. b3 Ba8 21. Na4 cxd5
22. exd5 Qd6 23. Qe3 Rc8 24. Kh2 f5 25. Kh1 Rf7 26. a3 e4 27. Nf4 Bd4 28. Qd2
Qa6 29. Nc3 Bxc3 30. Qxc3 Nf8 31. g4 Qf6 32. Qxa5 fxg4 33. Ne6 Qh4 34. Rxf7
Nxe6 35. dxe6 gxh3 36. Bxe4 Bxe4+ 37. Kh2 Qg5 38. Rg1 Qe5+ 39. Rg3 Bf5 40. Qd2
Qxe6 41. Ra7 Qf6 42. Qf2 Re8 43. Rd7 Qa1 44. Rb7 Re1 45. Rb8+ Kf7 46. Rb7+ Kg8
47. Rb8+ Kf7 48. Rb7+ 1/2-1/2

[Event "XXVI Ogolnopolska Olimpiada Mlodziezy"]
[Site "Pulawy"]
[Date "2020.10.06"]
[Round "3.14"]
[White "Trybus, Dominika"]
[Black "Pastuszko, Katarzyna"]
[Result "1-0"]
[WhiteElo "1471"]
[BlackElo "1251"]
[PlyCount "53"]
[EventDate "2020.10.04"]
[EventType "swiss"]
[Tiebreak "Sum of Buchholz+Median1 Buchholz+Sonneborn-Berger (Swiss)"]

1. e4 e5 2. d4 exd4 3. Qxd4 Nc6 4. Qc4 Be7 5. Nc3 d6 6. Bd2 Nf6 7. O-O-O O-O 8.
f3 Be6 9. Qe2 a6 10. g4 b5 11. g5 b4 12. Na4 Nd7 13. f4 f6 14. f5 Bf7 15. g6
hxg6 16. fxg6 Bxg6 17. Qc4+ Kh8 18. Qxc6 Bf7 19. Bxb4 Ne5 20. Qc3 Qb8 21. Ne2
Qb7 22. Ng3 Ng4 23. Rg1 Rfb8 24. Ba3 Be8 25. Nf5 Bxa4 26. Qh3+ Kg8 27. Bc4+ 1-0

[Event "XXVI Ogolnopolska Olimpiada Mlodziezy"]
[Site "Pulawy"]
[Date "2020.10.06"]
[Round "3.14"]
[White "Zgoda, Aleksandra"]
[Black "Dallemura, Julia"]
[Result "1/2-1/2"]
[WhiteElo "1268"]
[BlackElo "1133"]
[PlyCount "93"]
[EventDate "2020.10.04"]
[EventType "swiss"]
[Tiebreak "Sum of Buchholz+Median1 Buchholz+Sonneborn-Berger (Swiss)"]

1. e4 e5 2. Nf3 Nc6 3. Nc3 Nf6 4. Bb5 d6 5. d4 exd4 6. Nxd4 Bd7 7. Bxc6 Bxc6 8.
Nxc6 bxc6 9. Qf3 Qd7 10. Be3 Be7 11. O-O-O Qe6 12. h3 O-O 13. g4 Nd7 14. Qg3
Bf6 15. Bd4 a5 16. f4 Bxd4 17. Rxd4 c5 18. Rdd1 Rfb8 19. g5 Nb6 20. f5 Qc8 21.
g6 fxg6 22. fxg6 h6 23. e5 Nc4 24. exd6 Nxd6 25. Nd5 Qb7 26. b3 a4 27. Rhf1
axb3 28. Qxb3 Qxb3 29. axb3 Rb7 30. h4 c4 31. Rf3 c6 32. Ne7+ Rxe7 33. Rxd6
cxb3 34. Rxb3 Rc8 35. Rc3 Rec7 36. Kd2 Kf8 37. Re6 Rd7+ 38. Rd3 Re7 39. Red6
Ke8 40. c4 Re4 41. Re3 Rxe3 42. Kxe3 Ke7 43. c5 Re8 44. Kf4 Rf8+ 45. Ke5 Rc8
46. Re6+ Kd7 47. Rd6+ 1/2-1/2

[Event "XXVI Ogolnopolska Olimpiada Mlodziezy"]
[Site "Pulawy"]
[Date "2020.10.06"]
[Round "3.15"]
[White "Bar, Klaudia"]
[Black "Para, Aleksandra"]
[Result "1/2-1/2"]
[WhiteElo "1408"]
[BlackElo "1191"]
[PlyCount "101"]
[EventDate "2020.10.04"]
[EventType "swiss"]
[Tiebreak "Sum of Buchholz+Median1 Buchholz+Sonneborn-Berger (Swiss)"]

1. e4 c5 2. Nf3 d6 3. d4 cxd4 4. Nxd4 Nf6 5. Nc3 a6 6. Be2 e5 7. Nb3 Be6 8. f4
Be7 9. f5 Bd7 10. g4 Bc6 11. Bf3 b5 12. Qd3 Nfd7 13. Ne2 Nb6 14. Be3 Nc4 15.
Bc1 Nd7 16. Ng3 Nc5 17. Nxc5 dxc5 18. Qxd8+ Rxd8 19. b3 Nb6 20. Bb2 f6 21. Ke2
O-O 22. Rad1 c4 23. Rxd8 Rxd8 24. Rd1 Rxd1 25. Kxd1 a5 26. Bc1 Bc5 27. Ke2 b4
28. Nf1 Bb5 29. Ke1 c3 30. Be3 Nd7 31. Bxc5 Nxc5 32. Ne3 Kf8 33. Nd5 Bc6 34.
Ke2 Bxd5 35. exd5 Ke7 36. Ke3 Kd6 37. h3 h6 38. h4 Nd7 39. Kd3 Nb6 40. Be4 Kc5
41. Bf3 Nxd5 42. Ke4 Ne7 43. h5 Nc6 44. Be2 Nd4 45. Bd3 Nc6 46. Be2 Nd8 47. Bc4
Nb7 48. Be6 Nd6+ 49. Ke3 Nb5 50. Bc4 Nd4 51. Bd3 1/2-1/2

[Event "XXVI Ogolnopolska Olimpiada Mlodziezy"]
[Site "Pulawy"]
[Date "2020.10.06"]
[Round "3.15"]
[White "Wandor, Adam"]
[Black "Nagly, Wojciech"]
[Result "0-1"]
[WhiteElo "1308"]
[BlackElo "1545"]
[PlyCount "128"]
[EventDate "2020.10.04"]
[EventType "swiss"]
[Tiebreak "Sum of Buchholz+Median1 Buchholz+Sonneborn-Berger (Swiss)"]

1. d4 c5 2. Nf3 e6 3. c4 Nf6 4. Nc3 d5 5. cxd5 exd5 6. Bg5 Be6 7. e3 a6 8. Qb3
b5 9. a3 c4 10. Qc2 Be7 11. b3 O-O 12. Be2 Nc6 13. bxc4 bxc4 14. O-O Na5 15.
Nd2 Qc7 16. Bf4 Bd6 17. Bxd6 Qxd6 18. Na4 Ng4 19. Bxg4 Bxg4 20. h3 Bd7 21. Nc5
Qc7 22. Qc3 Nb7 23. Nxb7 Qxb7 24. Rab1 Qc8 25. Nf3 Bf5 26. Rb4 Re8 27. Ne5 f6
28. Nf3 Re4 29. Kh2 Qe8 30. Rfb1 h6 31. g3 Qh5 32. Ng1 Ree8 33. Ra1 g5 34. Kg2
g4 35. h4 Be4+ 36. Kh2 Qf5 37. Ra2 Rab8 38. Rab2 Rxb4 39. axb4 Bd3 40. Ra2 Bf1
41. Qc1 Bd3 42. Qe1 Qe4 43. Ne2 Bxe2 44. Qxe2 Re6 45. Qc2 Qxc2 46. Rxc2 Kf7 47.
Kg2 Ke7 48. Kf1 Kd7 49. Ke2 Rb6 50. Rb2 Kc6 51. Kd2 a5 52. Kc3 axb4+ 53. Rxb4
Rxb4 54. Kxb4 Kd6 55. e4 dxe4 56. Kxc4 f5 57. d5 f4 58. gxf4 e3 59. fxe3 g3 60.
e4 g2 61. e5+ Kd7 62. f5 g1=Q 63. e6+ Kd6 64. f6 Qc5+ 0-1

[Event "XXVI Ogolnopolska Olimpiada Mlodziezy"]
[Site "Pulawy"]
[Date "2020.10.06"]
[Round "3.15"]
[White "Wilk, Igor"]
[Black "Wiatrowski, Zbigniew"]
[Result "1-0"]
[WhiteElo "1744"]
[BlackElo "1849"]
[PlyCount "127"]
[EventDate "2020.10.04"]
[EventType "swiss"]
[Tiebreak "Sum of Buchholz+Median1 Buchholz+Sonneborn-Berger (Swiss)"]

1. e4 c5 2. Nf3 Nc6 3. Bb5 Nd4 4. Nxd4 cxd4 5. O-O g6 6. d3 Bg7 7. f4 Nf6 8.
Nd2 O-O 9. Nf3 Qb6 10. Bc4 d6 11. h3 Bd7 12. e5 Ne8 13. Qe2 Nc7 14. Qf2 Ne6 15.
Re1 Rac8 16. Re2 dxe5 17. fxe5 Rcd8 18. b3 Bc6 19. Ng5 Bd5 20. Qh4 Nxg5 21.
Bxg5 f6 22. Bh6 Bxc4 23. Bxg7 Kxg7 24. bxc4 Rfe8 25. Rae1 f5 26. e6 Qc7 27. g4
Rf8 28. Rf1 f4 29. Rf3 Rf6 30. Re4 Rdf8 31. Qg5 h6 32. Qd5 Rd8 33. Qb5 Rd6 34.
Qe5 g5 35. h4 Rc6 36. Qxd4 Qb6 37. hxg5 hxg5 38. Rh3 Qxd4+ 39. Rxd4 Rcxe6 40.
Rd5 Re1+ 41. Kf2 Rc1 42. Rxg5+ Rg6 43. Re5 Rxc2+ 44. Kf3 Kf6 45. Rhh5 e6 46.
Ra5 a6 47. g5+ Kg7 48. Kxf4 Rf2+ 49. Ke3 Rf7 50. Kd4 Rd7+ 51. Kc3 Kf7 52. Rh7+
Rg7 53. Rxg7+ Kxg7 54. Re5 Kf7 55. d4 b6 56. a4 Rc7 57. a5 Rc6 58. Kb4 bxa5+
59. Rxa5 Ke7 60. Re5 Kd6 61. Rxe6+ Kxe6 62. d5+ Kd6 63. dxc6 Kxc6 64. g6 1-0